Départements français ayant les IDH les plus forts et les plus faibles - Statistiques

Statistiques générales
  • Ce quiz a été pris 405 fois
  • Le résultat moyen est 11 sur 22
Statistiques - réponses
IDH fort IDH faible Département % Correct
0.937 Paris
94%
0.896 Rhône
72%
0.848 Pas-de-Calais
66%
0.893 Yvelines
64%
0.885 Alpes-Maritimes
63%
0.936 Hauts-de-Seine
63%
0.856 Creuse
61%
0.889 Val-de-Marne
59%
0.887 Essonne
50%
0.861 Somme
50%
0.852 Aisne
49%
0.889 Savoie
48%
0.890 Haute-Garonne
46%
0.860 Meuse
46%
0.885 Loiret
42%
0.856 Ardennes
41%
0.861 Eure
35%
0.858 Nièvre
28%
0.859 Haute-Saône
27%
0.885 Côte-d'Or
25%
0.860 Côtes-d'Armor
24%
0.861 Dordogne
17%
Aucun quiz correspondant
Distribution des résultats
% des personnes avec chaque résultat
Percentile par nombre de réponses
Votre historique - résultats
Vous n’avez pas pris ce quiz